Medzinárodné podnikanie : Multinacionálne podniky
Enregistré dans:
| Auteur principal: | |
|---|---|
| Format: | Livre |
| Langue: | slovaque |
| Publié: |
Bratislava :
Ekonóm,
2000
|
| Édition: | 1. vyd. |
| Sujets: | |
| Tags: |
Pas de tags, Soyez le premier à ajouter un tag!
|
MARC
| LEADER | 00000nam a22000003a 4500 | ||
|---|---|---|---|
| 001 | stu74634 | ||
| 005 | 20150617225646.8 | ||
| 008 | 020306s2000----xo------------------slo-d | ||
| 020 | |a 80-225-1240-0 | ||
| 040 | |a STU |b slo | ||
| 041 | 0 | |a slo | |
| 044 | |a xo | ||
| 080 | |a 330.526.33:339.13 | ||
| 100 | 1 | |a Sršňová, Jana |4 aut | |
| 245 | 1 | |a Medzinárodné podnikanie : |b Multinacionálne podniky | |
| 250 | |a 1. vyd. | ||
| 260 | |a Bratislava : |b Ekonóm, |c 2000 | ||
| 300 | |a 189 s | ||
| 650 | 7 | |a Podnikanie medzinárodné |2 stusub | |
| 650 | 7 | |a Podniky multinacionálne |2 stusub | |
| 650 | 7 | |a Trhy zahraničné |2 stusub | |
| 996 | |b 284M034948 |c M*10870-1 |l MMKN |s A |a 24 |w stu74634_0001 | ||